Schaum's Outline of Theory and Problems of Fundamentals of Computing with C++ (Record no. 4085)

MARC details
005 - DATE AND TIME OF LATEST TRANSACTION
control field 20250614132134.0
020 ## - INTERNATIONAL STANDARD BOOK NUMBER
International Standard Book Number 0-07-030868-3
082 ## - DEWEY DECIMAL CLASSIFICATION NUMBER
Classification number 005.133 HUB
100 ## - MAIN ENTRY--PERSONAL NAME
Author name HUBBARD, J. R.
245 ## - TITLE STATEMENT
Title Schaum's Outline of Theory and Problems of Fundamentals of Computing with C++
260 ## - PUBLICATION, DISTRIBUTION, ETC.
Place of publication, distribution, etc. New York,
Name of publisher, distributor, etc. McGraw-Hill,
Date of publication, distribution, etc. 1998.
300 ## - PHYSICAL DESCRIPTION
Extent viii, 356p.: ill.; figure, table
Other physical details Index & Reference
Dimensions 27cm.
942 ## - ADDED ENTRY ELEMENTS (KOHA)
Source of classification or shelving scheme Dewey Decimal Classification
Koha item type Books
Holdings
Date last seen Total checkouts Full call number Barcode Cost, replacement price Price effective from Koha item type Lost status Source of classification or shelving scheme Damaged status Not for loan Withdrawn status Home library Current library Shelving location Date acquired Cost, normal purchase price
06/14/2025   005.133 HUB 00000013049 205872.03 06/14/2025 Books   Dewey Decimal Classification       College of Business Education Main Library College of Business Education Main Library General Collection 09/17/2024 68624.01
06/14/2025   005.133 HUB 00000013050 205872.03 06/14/2025 Books   Dewey Decimal Classification       College of Business Education Main Library College of Business Education Main Library General Collection 09/17/2024 68624.01
06/14/2025   005.133 HUB 00000013051 205872.03 06/14/2025 Books   Dewey Decimal Classification       College of Business Education Main Library College of Business Education Main Library General Collection 09/17/2024 68624.01
06/14/2025   005.133 HUB 00000013052 205872.03 06/14/2025 Books   Dewey Decimal Classification       College of Business Education Main Library College of Business Education Main Library General Collection 09/17/2024 68624.01